[Escenas de la vida de bohemia / (Record no. 160411)

MARC details
000 -LEADER
campo de control de longitud fija 00696nam a22001935i 4500
001 - NÚMERO DE CONTROL
campo de control 160411
003 - IDENTIFICADOR DE NÚMERO DE CONTROL
campo de control ES-MaACL
005 - FECHA Y HORA DE LA ÚLTIMA TRANSACCIÓN
campo de control 20250710063340.0
008 - DATOS DE LONGITUD FIJA--INFORMACIÓN GENERAL
campo de control de longitud fija 040924s1871 sp |||| | spa d
080 ## - NÚMERO DE LA CLASIFICACIÓN DECIMAL UNIVERSAL
Número de la Clasificación Decimal Universal 821.133.1-31"18"
100 1# - ENTRADA PRINCIPAL--NOMBRE DE PERSONA
Nombre de persona Mürger, Henry,
Fechas asociadas al nombre 1822-1861
9 (RLIN) 84575
245 11 - MENCIÓN DEL TÍTULO
Título [Escenas de la vida de bohemia /
Mención de responsabilidad, etc. novela escrita en francés por Henri Murger ; traducida por José de Palma y Rico].
260 ## - PUBLICACIÓN, DISTRIBUCIÓN, ETC.
Lugar de publicación, distribución, etc. Madrid :
Nombre del editor, distribuidor, etc. [s.n.],
Fecha de publicación, distribución, etc. 1871 (
Fabricante Imp. J. Velada)
300 ## - DESCRIPCIÓN FÍSICA
Extensión VIII, 256 p. ;
Dimensiones 19 cm.
500 ## - NOTA GENERAL
Nota general Datos tomados de la BN y fichero Ateneo.
700 1# - ENTRADA AGREGADA--NOMBRE PERSONAL
Nombre de persona Palma y Rico, José de.
9 (RLIN) 130798
852 ## - LOCALIZACIÓN
Ubicación ES-MaACL
Número de control de estantería D-712
condición física -- Falto de port.
Holdings
Estatus retirado Estado de pérdida Estado de daño No para préstamo Colección Biblioteca de origen Biblioteca actual Ubicación en estantería Fecha de adquisición Total de préstamos Signatura topográfica completa Código de barras Visto por última vez Precio de reemplazo Tipo de ítem Koha
        Libros del s. XIX Biblioteca del Ateneo de Madrid Biblioteca del Ateneo de Madrid Sala Valle Inclán 17/01/2008   D-712 901167963 23/02/2023 23/02/2023 Libro impreso antiguo